01018cam a22002291 45000010005000000030008000050050017000130080039000300350018000690400032000870410008001190820030001272450139001572600114002963000026004104900069004365040041005056500027005466500030005737000055006038560130006585792BD-RjUL20211208234128.0140107s1964 ncu b 001 0 eng a(BD-RjUL)5831 aDLCcDLCdDLCdBD-RjULbeng aeng 223 a370.91724 bPOS 196410aPost-primary education and political and economic development /cC. Arnold Anderson [...et.al] Edited by Don C. Piper and Taylor Cole. aDurham, N.C. :bPublished for the Duke University Commonwealth-Studies CentercDuke University Press,cc1964. axii, 238 p. ;c23 cm.1 aDuke University Commonwealth-Studies Center. Publicationvno. 20 aBibliographical footnotes and index. 0aEducational sociology. 0aNewly independent states.1 aCole, Taylor,d1906- [from old catalog]ejoint ed. uhttp://www.worldcat.org/title/post-primary-education-and-political-and-economic-development/oclc/189490&referer=brief_results